000 01117nam a2200277 a 4500
001 24861
003 CO-ViMGA
005 20230915232021.0
008 141112s2004 ck r 000 u spa d
015 _ack - 2012 - xxxx
020 _a9789583508844 (v.1) 97895803908 (v.2)
040 _aCO-ViMGA
_bspa
_cCO-ViMGA
041 _aspa
043 _as - ck - - -
082 0 4 _a347.06 D39t
100 1 _aDevis Echandía, Hernando, 1916 - 2001.
_937167
245 1 0 _aTeoría general de la prueba judicial /
_cHernando Devis Echandía.
250 _a6a. ed.
260 _aBogotá :
_bEditorial Temis S.A. :
_bPontificia Universidad Javeriana. Facultad de Ciencias Jurídicas,
_c2012.
300 _a2 v. ; 24 cm.
490 _aColección clásicos ; 2
504 _aIncluye bibliografías e índices.
505 _av.1 desde Importancia y definición de las pruebas judiciales hasta Declaración de parte y prueba de confesión. - - v.2 desde Del juramento como medio especial de prueba hasta de las presunciones en el derecho probatorio
650 1 4 _aPrueba (Derecho) - Colombia.
942 _2ddc
_cBK
999 _c32661
_d32661